The convertible rupee & how to profit from it / (Record no. 891789)

MARC details
000 -LEADER
fixed length control field 00892nam a2200301 a 4500
001 - CONTROL NUMBER
control field vtls001439333
003 - CONTROL NUMBER IDENTIFIER
control field NLI
005 - DATE AND TIME OF LATEST TRANSACTION
control field 20210627122024.0
008 - FIXED-LENGTH DATA ELEMENTS--GENERAL INFORMATION
fixed length control field 121130s1993 ii 000 0 eng
020 ## - INTERNATIONAL STANDARD BOOK NUMBER
International Standard Book Number 817240042X (pbk.)
Terms of availability Rs. 250.00
039 #9 - LEVEL OF BIBLIOGRAPHIC CONTROL AND CODING DETAIL [OBSOLETE]
-- 201211301647
-- VLOAD
040 ## - CATALOGING SOURCE
Original cataloging agency NLI
Language of cataloging eng
Transcribing agency Datasoft_GENG
Description conventions AACR2
041 0# - LANGUAGE CODE
Language code of text/sound track or separate title eng
044 ## - COUNTRY OF PUBLISHING/PRODUCING ENTITY CODE
MARC country code ii
082 04 - DEWEY DECIMAL CLASSIFICATION NUMBER
Classification number 332.40954
100 1# - MAIN ENTRY--PERSONAL NAME
Personal name Debroy, Bibek
9 (RLIN) 1003618
245 14 - TITLE STATEMENT
Title The convertible rupee & how to profit from it /
Statement of responsibility, etc. Bibek Debroy
260 ## - PUBLICATION, DISTRIBUTION, ETC.
Place of publication, distribution, etc. New Delhi :
Name of publisher, distributor, etc. Global Business Press,
Date of publication, distribution, etc. c1993
300 ## - PHYSICAL DESCRIPTION
Extent 1v.(various pagings) ;
Dimensions 24 cm.
500 ## - GENERAL NOTE
General note Glossary : p. 134-137
650 #0 - SUBJECT ADDED ENTRY--TOPICAL TERM
Topical term or geographic name entry element Devaluation of currency
Geographic subdivision India
9 (RLIN) 1003619
887 ## - NON-MARC INFORMATION FIELD
Content of non-MARC field
901 ## - LOCAL DATA ELEMENT A, LDA (RLIN)
a DB64176
b 01.10.1993
902 ## - LOCAL DATA ELEMENT B, LDB (RLIN)
a E 332.40954 D 354
904 ## - LOCAL DATA ELEMENT D, LDD (RLIN)
l 178
949 ## - LOCAL PROCESSING INFORMATION (OCLC)
-- VIRTUAITEM
-- 10000
-- 100
6 DBA000064176ENG
942 ## - ADDED ENTRY ELEMENTS (KOHA)
Source of classification or shelving scheme Dewey Decimal Classification
Koha item type Books
Holdings
Withdrawn status Lost status Damaged status Not for loan Collection code Home library Current library Shelving location Date acquired Total Checkouts Full call number Barcode Date last seen Price effective from Koha item type
        New English National Library of India National Library of India New English - Main Stack Division     E 332.40954 D 354 DBA000064176ENG 27/06/2021 27/06/2021 Books
                                                                           
web counter

Copyright ©2020 The National Library of India, Govt. of India ↔ Hosted by NVLI, MOC ↔ Technology and Design by National Library of India, Ministry of Culture, Govt. of India